| 000 | 00520cam a2200205ua 4500 | ||
|---|---|---|---|
| 001 | 7794 | ||
| 008 | 141223n ii |||gr||||Z||||||ben | ||
| 020 | _a9788177567052 | ||
| 040 | _cMAIN | ||
| 041 | _aben | ||
| 082 | _a891.443 | ||
| 100 |
_aRai, B., _eAuthor. |
||
| 245 | 1 |
_aEkal sekal : _bPanch prajanmer itikatha / _cBy Bharati Rai . |
|
| 250 | _a1st. | ||
| 260 |
_aCalcutta: _bAnanda, _c2009. |
||
| 300 | _a251p. | ||
| 653 | _aEast Indo-European & Celtic literatures | ||
| 653 | _aBengali stories | ||
| 942 | _cBK | ||
| 999 |
_c6914 _d6914 |
||